| 000 | 00945cam a2200289 a 4500 | ||
|---|---|---|---|
| 001 | 000005448 | ||
| 005 | 20200929151701.0 | ||
| 008 | 950502s1999 sp a b 000 p spa | ||
| 020 | _a8437612950 | ||
| 040 |
_aDO-SdBNP _bspa _cBNPHU |
||
| 082 |
_a861.6 _bS165v, 1999 |
||
| 100 | 1 |
_aSalinas, Pedro, _d1892-1951 _97966 |
|
| 245 | 1 | 3 |
_aLa voz a ti debida : _brazón de amor. Largo lamento / _cPedro Salinas ; edición de Montserrat Escartín Gual. |
| 250 | _a4a ed. | ||
| 260 |
_aMadrid : _bCátedra, _c1999. |
||
| 300 |
_a567 p. : _bil. ; _c18 cm. |
||
| 490 | 1 |
_aLetras hispánicas _v386 |
|
| 504 | _aIncluye referencias bibliográficas (p.75-99). | ||
| 650 | 4 |
_aPoesía española _9631 |
|
| 650 | 4 |
_aLiteratura española _9632 |
|
| 700 | 1 |
_aEscartín Gual, Monserrat, _eed. _915481 |
|
| 740 | 0 | 2 | _aRazón de amor. |
| 740 | 0 | 2 | _aLargo lamento. |
| 830 | 0 |
_aLetras hispánicas ; _v386 _94208 |
|
| 910 | _aCatalogación derivada | ||
| 910 | _aWM | ||
| 999 |
_c5248 _d5248 |
||